| 000 | 00827nam a2200265Ia 4500 | ||
|---|---|---|---|
| 003 | OSt | ||
| 005 | 20221005043709.0 | ||
| 006 | a|||||r|||| 00| 0 | ||
| 007 | ta | ||
| 008 | 221004b |||||||| |||| 00| 0 eng d | ||
| 020 |
_a9780143334231 (pbk) _cINR 150.00 |
||
| 024 | _a68397 | ||
| 037 |
_b064, 05/03/2021, Classic Book Service _cTextual |
||
| 040 |
_aCRL _cCRL _beng |
||
| 041 |
_2eng _aeng |
||
| 082 | _aO157,3N21x, 111P4 | ||
| 100 |
_aRay Satyajit Au. _9591819 |
||
| 245 | 0 |
_aGolden fortress _b adventures of feluda |
|
| 260 |
_aGurgaon _bPuffin Books India _c2004 |
||
| 300 |
_a119p. _ccm. |
||
| 650 | _a BENGALI LITERATURE | ||
| 650 | _aBENGALI FICTION | ||
| 942 |
_hO157,3N21x, 111P4 _cTEXL _2cc |
||
| 999 |
_c952272 _d952272 |
||